La teora̕ de la argumentacin̤ en sus textos Una antologa̕ /

Detalles Bibliográficos
Autor principal: Vega Ren̨̤, Luis
Formato: eBook
Lenguaje:español
Publicado: Lima: Palestra Editores, 2022
Materias:
Acceso en línea:Acceso restringido

MARC

LEADER 00000nam a22000007a 4500
005 20220825210847.0
007 cr|||| |||
008 220825s2022 pe |||||s|||| 00||0 spa d
020 |a 9786123252397 
035 |a 36965 
040 |a vLex 
090 |c 13834  |d 13834 
100 1 |a Vega Ren̨̤, Luis 
245 1 0 |a  La teora̕ de la argumentacin̤ en sus textos  |h [Recurso electrn̤ico] :  |b Una antologa̕ /  |c Luis Vega Ren̨̤ 
256 |a Servicio en ln̕ea 
260 |a Lima:  |b Palestra Editores,  |c 2022 
300 |a 1 recurso electrn̤ico 
500 |a La teora̕ de la argumentacin̤ es un campo de estudios relativamente joven. Su eclosin̤ y sus primeros desarrollos tuvieron lugar durante la segunda mitad del s. XX. Hoy, en su relativa madurez, ya se encuentra reconocido y consolidado en los medios acadm̌icos interesados en la investigacin̤, anl̀isis y evaluacin̤ del discurso. Pero hay buenos motivos para volver sobre los textos que pautan o documentan ese amplio y complejo proceso de constitucin̤ e institucionalizacin̤, pues no solo han contribuido a las seąs de identidad del estudio de la argumentacin̤, sino que an︢ pueden suscitar ulteriores problemas e inspirar nuevas revisiones e investigaciones. 
506 1 |a Disponible solo en los productos indicados  |d vLex Global  |d vLex Global (Academic Edition, excluding Law Schools)  |d vLex Global (U.S. Academic Edition, Law Schools)  |d vLex Global (U.S. Academic Edition, excluding Law Schools)  |d vLex Global (Academic Edition, Law Schools) 
650 0 4 |a Derecho Militar  |z Per︢ 
650 0 4 |a Filosofa̕ y religin̤  |z Per︢ 
740 0 |a vLex Libros (Servicio en ln̕ea) 
856 4 0 |u https://app.vlex.com/#/sources/36965  |z Acceso restringido 
942 |c BOOK 
999 0 |a Military Law 
999 0 |a Philosophy and religion